| 000 | 00000nam##2200000za#4500 |
| 001 | 9.590299 |
| 003 | CaOODSP |
| 005 | 20210624200047 |
| 007 | cr ||||||||||| |
| 008 | 150406|2009||||xxc|||||o f|0| 0 eng|d |
| 022 | |a1701-1280 |
| 040 | |aCaOODSP|beng |
| 041 | |aeng |
| 041 | |afre |
| 043 | |an-cn--- |
| 086 | 1 |aFs70-4/2009-028-PDF |
| 110 | 1 |aCanada. |bDepartment of Fisheries and Oceans. |
| 245 | 10|aZonal Science Peer Review of the American eel (Anguilla rostrata) prior to assessment by COSEWIC : |h[electronic resource]|b11-12 October, 2005. Quebec City, Quebec / |cNicholas Mandrak, Chairperson. |
| 260 | |aSt. John's - Newfoundland and Labrador : |bFisheries and Oceans Canada |cNovember 2009. |
| 300 | |a73p.|btables |
| 490 | 1 |aCanadian Science Advisory Secretariat proceedings series|x1701-1280|v2009/028 |
| 590 | |a14-19-Supp|b2014-11-03 |
| 792 | |tExamen scientifique par des pairs zonal de l'anguille d'Amérique (Anguilla rostrata) préalable à l'évaluation du COSEPAC : |efre|w(CaOODSP)9.590300 |
| 830 | #0|aProceedings series (Canadian Science Advisory Secretariat)|x1701-1280|v2009/028|w(CaOODSP)9.500507 |
| 856 | 40|ahttp://publications.gc.ca|qPDF|s366 KB|uhttps://publications.gc.ca/collections/collection_2014/mpo-dfo/Fs70-4-2009-028.pdf|y2009/028 |